00510cam a22001692 4500001001100000005001700011008004100028020001700069040001500086100004600101245007000147250001300217260004400230300002000274650004300294852000300337000002515020151217154515.0150122s xx 000 0 eng d a9350286769 : aKABUcKABU1 aPillai, K.N. Chandrasekharan.@000018558910aR.V. Kelkar's criminal procedure /c K.N. Chandrasekharan Pillai. a5th ed. aLucknow :bEastern Book Company,c2008. acxliii, 916 p. 0aCriminal procedurezIndia.@00001855901